<?xml version="1.0" encoding="UTF-8"?>
<collection xmlns="http://www.loc.gov/MARC21/slim">
 <record>
  <leader>01142nam a22001817a 4500</leader>
  <controlfield tag="001">NCT_144651</controlfield>
  <controlfield tag="008">230311b        xxu||||| |||| 00| 0 vie d</controlfield>
  <datafield tag="999" ind1=" " ind2=" ">
   <subfield code="c">7447</subfield>
   <subfield code="d">7447</subfield>
  </datafield>
  <datafield tag="020" ind1=" " ind2=" ">
   <subfield code="c">54000</subfield>
   <subfield code="a">9786045764138</subfield>
  </datafield>
  <datafield tag="082" ind1="0" ind2="4">
   <subfield code="2">23rd ed.</subfield>
   <subfield code="a">344.597046</subfield>
   <subfield code="b">L504B</subfield>
  </datafield>
  <datafield tag="245" ind1="0" ind2="0">
   <subfield code="a">Luật bảo vệ môi trường </subfield>
  </datafield>
  <datafield tag="260" ind1=" " ind2=" ">
   <subfield code="a">H.</subfield>
   <subfield code="b">Chính trị Quốc gia sự thật</subfield>
   <subfield code="c">2021</subfield>
  </datafield>
  <datafield tag="300" ind1=" " ind2=" ">
   <subfield code="a">300 tr.</subfield>
   <subfield code="c">19cm</subfield>
  </datafield>
  <datafield tag="520" ind1="3" ind2=" ">
   <subfield code="a">Giới thiệu toàn văn Luật bảo vệ môi trường với những qui định chung và qui định cụ thể về tiêu chuẩn môi trường quy định về hoạt động bảo vệ môi trường; chính sách, biện pháp và nguồn lực để bảo vệ môi trường; quyền và nghĩa vụ của tổ chức, hộ gia đình, cá nhân trong bảo vệ môi trường.</subfield>
  </datafield>
  <datafield tag="653" ind1=" " ind2=" ">
   <subfield code="a">Luật học</subfield>
  </datafield>
  <datafield tag="942" ind1=" " ind2=" ">
   <subfield code="2">ddc</subfield>
   <subfield code="c">BK</subfield>
  </datafield>
  <datafield tag="952" ind1=" " ind2=" ">
   <subfield code="0">0</subfield>
   <subfield code="1">0</subfield>
   <subfield code="2">ddc</subfield>
   <subfield code="4">0</subfield>
   <subfield code="6">344_597046000000000_L504B</subfield>
   <subfield code="7">0</subfield>
   <subfield code="9">26814</subfield>
   <subfield code="a">000001</subfield>
   <subfield code="b">000001</subfield>
   <subfield code="d">2023-03-11</subfield>
   <subfield code="o">344.597046 L504B</subfield>
   <subfield code="p">MD.21088</subfield>
   <subfield code="r">2023-03-11</subfield>
   <subfield code="v">54000.00</subfield>
   <subfield code="w">2023-03-11</subfield>
   <subfield code="y">BK</subfield>
  </datafield>
  <datafield tag="980" ind1=" " ind2=" ">
   <subfield code="a">Thư viện Trường Đại học Nam Cần Thơ</subfield>
  </datafield>
 </record>
</collection>
